000 01009nam a2200277Ia 4500
003 OSt
005 20221007121821.0
006 a|||||r|||| 00| 0
007 ta
008 221006b |||||||| |||| 00| 0 eng d
020 _a8185589097 (hbd)
_cRs.595.00
024 _a10322
037 _bApple,
_cTextual
040 _aBDL
_cBDL
_beng
041 _2eng
_aeng
082 _aI:f, P2
100 _aKhasim S M
_9712988
245 0 _aBotanical microtechnique: principles and practice by S M Khasim
260 _aNew
_bDelhi Capital Pub. Co.
_c2002
300 _axiii, 264p
_ccm.
500 _aAppendix I-II, 229-237p; Bibliographical references 239-259p; Index 261-264p; ^n23/CSL/CARC/2002-2003/466^d2002-11-09^mPurchase; ; 2002-03/470^b2002-11-22^c108/2002-2003^d2002-11-13^eRs.17,100.00^fApple Books; ; 2003-04-02^bSB^c2003-09-03^dS C Jindal
650 _a Investigation
_9317906
650 _aBotany
942 _hI:f, P2
_cTEXL
_2CC
999 _c1209393
_d1209393